000 00221nam a22001097a 4500
041 _aENG
245 _aMachinery Management
260 _aU.S.A
_bJohn Deere
_c1996
300 _a184
650 _aFMP
856 _uFMP ( 04 )
999 _c1461
_d1461